000 00478cam a2200193ua 4500
001 8092
008 150109n ii |||gr||||Z||||||hin
040 _cMAIN
041 _ahin
082 _a891.43
100 _aSingh, N.,
_eEditor.
245 _aHindi kavya sangrah
_cEdited by Nansakishore Singh
250 _a1st.
260 _aGuwahati:
_bAssam,
_c2005.
300 _a56p.
653 _aEast Indo-European & Celtic literatures
653 _aHindi literature
942 _cBK
999 _c7208
_d7208